Juventus Top Scorers 2000-2019 - Statistics

General Stats
  • This quiz has been taken 260 times
    240 since last reset
  • The average score is 39 of 67
Answer Stats
# Position Country Player % Correct
40 FW Portugal Cristiano Ronaldo
98%
207 FW Italy Alessandro Del Piero
97%
48 MF Chile Arturo Vidal
97%
87 FW Argentina Paulo Dybala
97%
44 FW Croatia Mario Mandzukic
95%
65 MF Czech Republic Pavel Nedved
95%
57 FW Argentina Gonzalo Higuain
93%
171 FW France David Trezeguet
91%
50 FW Argentina Carlos Tevez
90%
36 DF Italy Giorgio Chiellini
90%
25 DF Italy Leonardo Bonucci
90%
22 MF Bosnia & Herzegovina Miralem Pjanic
90%
26 FW Sweden Zlatan Ibrahimovic
89%
27 FW Spain Alvaro Morata
86%
19 MF Italy Andrea Pirlo
85%
34 MF France Paul Pogba
85%
37 MF Italy Claudio Marchisio
84%
15 MF Colombia Juan Cuadrado
82%
21 MF Germany Sami Khedira
82%
26 FW Montenegro Mirko Vucinic
77%
10 DF Brazil Alex Sandro
75%
5 DF Ghana Kwadwo Asamoah
75%
15 DF Switzerland Stephan Lichtsteiner
75%
5 DF Morocco Medhi Benatia
74%
27 FW Spain Fernando Llorente
73%
31 FW Italy Alessandro Matri
70%
30 FW Italy Fabio Quagliarella
68%
8 MF France Blaise Matuidi
65%
7 DF Uruguay Martin Caceres
65%
11 FW Romania Adrian Mutu
63%
8 FW Brazil Douglas Costa
60%
10 MF France Zinedine Zidane
60%
6 MF Netherlands Edgar Davids
55%
24 FW Italy Filippo Inzaghi
55%
20 FW Italy Sebastian Giovinco
54%
7 DF Italy Fabio Cannavaro
51%
32 MF Italy Mauro Camoranesi
50%
10 MF Serbia Milos Krasic
50%
24 FW Italy Amauri
47%
9 MF Italy Federico Bernardeschi
46%
18 DF Croatia Igor Tudor
46%
40 FW Italy Vincenzo Iaquinta
45%
7 DF Italy Gianluca Zambrotta
44%
7 MF Brazil Diego
42%
6 MF Argentina Roberto Pereyra
42%
7 DF Italy Daniele Rugani
41%
34 FW Uruguay Marcelo Zalayeta
40%
13 MF Italy Simone Pepe
40%
6 MF Brazil Emerson
39%
5 MF France Patrick Vieira
38%
8 MF Italy Antonio Conte
37%
8 FW Italy Moise Kean
36%
28 FW Italy Marco Di Vaio
34%
7 FW Bulgaria Valeri Bojinov
34%
8 MF Bosnia & Herzegovina Hasan Salihamidzic
33%
9 MF Italy Alessio Tacchinardi
32%
7 FW Italy Simone Zaza
32%
8 DF Italy Ciro Ferrara
31%
6 DF Brazil Daniel Alves
30%
6 MF Italy Emanuele Giaccherini
29%
10 DF Italy Nicola Legrottaglie
27%
13 FW Serbia Darko Kovacevic
23%
10 FW Italy Fabrizio Miccoli
23%
7 FW Italy Nicola Amoruso
20%
7 MF Italy Marco Marchionni
18%
10 FW Italy Raffaele Palladino
18%
6 MF Italy Enzo Maresca
11%
No matching quizzes found
Score Distribution
Percent of People with Each Score
Percentile by Number Answered
Your Score History
You have not taken this quiz since the last reset